00416nam a2200145 a 450000100100000000500170001000800410002702000170006804000250008508200160011024500600012626000410018630000250022770000180025200002543920200930023805.0110216s1975 nyu r 000 0 eng d a34524415X195 aDO-SdBNPbspacBNPHU axxxxxbK97504aThe best of Henry Kuttner /cintroduction Ray Bradbury. aNew York :bBallantine Books,c1975. axv, 398 p. ;c18 cm.1 aBradbury, Ray